| 000 | 00654nam a2200217 a 4500 | ||
|---|---|---|---|
| 001 | 6035 | ||
| 003 | CO-ViMGA | ||
| 008 | 141112s2004 ck r 000 u spa d | ||
| 020 | _a8478271066 | ||
| 040 |
_aCO-ViMGA _bspa _cCO-ViMGA |
||
| 082 | 0 | 4 | _a370.71 I513 |
| 100 | 1 |
_aImbernón, Francisco _955563 |
|
| 245 | 1 | 0 |
_aLa formación y el desarrollo profesional del profesorado : _bhacia una nueva cultura profesional |
| 250 | _aPrimera | ||
| 260 |
_aBarcelona : _bGráo, _c1994 |
||
| 300 | _a163 p : il | ||
| 490 | _aBiblioteca aula, 4 pedagógica | ||
| 500 | _aFormacion y desarrollo profesional. | ||
| 650 | 1 | 4 | _aCAPACITACION DOCENTE |
| 942 |
_2ddc _cBK |
||
| 999 |
_c18009 _d18009 |
||